Top 10 producentów masła - Statystyki

Ogólne statystyki
  • Ten quiz został rozwiązany 127 razy
  • Średni wynik to 7 z 10
Statystyki odpowiedzi
Kg/osoba Kraj % Poprawnych
3.7 Wielka Brytania
77%
4.3 Norwegia
76%
1.0 Szwecja
76%
5,3 Finlandia
75%
2.9 Irlandia
75%
3.3 Kanada
70%
1.0 Hiszpania
65%
3.3 Holandia
65%
5.6 Szwajcaria
63%
3.7 Australia
60%
Nie znaleziono quizów pasujących do podanych kryteriów
Rozkład punktacji
Procent ludzi z każdym wynikiem
Percentyl według liczby udzielonych odpowiedzi
Twoja historia wyników
Nie rozwiązałeś tego quizu